A study of Bundi school of painting : (Record no. 134876)

MARC details
000 -LEADER
fixed length control field 00841nam a22002297a 4500
005 - DATE AND TIME OF LATEST TRANSACTION
control field 20170124110236.0
010 ## - LIBRARY OF CONGRESS CONTROL NUMBER
LC control number A-993554
020 ## - INTERNATIONAL STANDARD BOOK NUMBER
Terms of availability 00.00
International Standard Book Number 8170173477
035 ## - SYSTEM CONTROL NUMBER
System control number A-993554
037 ## - SOURCE OF ACQUISITION
Source of stock number/acquisition Cen Lib/Ret
040 ## - CATALOGING SOURCE
Original cataloging agency DPL
Language of cataloging EN
082 ## - DEWEY DECIMAL CLASSIFICATION NUMBER
Classification number 751.77
Item number SOD
100 ## - MAIN ENTRY--PERSONAL NAME
Personal name Sodhi, Jiwan
9 (RLIN) 42040
245 ## - TITLE STATEMENT
Title A study of Bundi school of painting :
Statement of responsibility, etc by Jiwan Sodhi
Remainder of title from the collection of the National Museum, New Delhi /
260 ## - PUBLICATION, DISTRIBUTION, ETC. (IMPRINT)
Place of publication, distribution, etc New Delhi
Name of publisher, distributor, etc Abhinav Publications
Date of publication, distribution, etc 1999
270 ## - ADDRESS
City New Delhi
Address E-37, Haus Khas
Postal code 110016
300 ## - PHYSICAL DESCRIPTION
Extent 235p. :
Dimensions 30m(Hb)
Other physical details col.ill.
500 ## - GENERAL NOTE
General note Includes bibliographical references and index<br/>
650 ## - SUBJECT ADDED ENTRY--TOPICAL TERM
Topical term or geographic name as entry element Miniature painting, Indic -- India -- Bundi (Princely State)
9 (RLIN) 42041
650 ## - SUBJECT ADDED ENTRY--TOPICAL TERM
Topical term or geographic name as entry element Rajput painting -- India -- Bundi (Princely State)
9 (RLIN) 42042
942 ## - ADDED ENTRY ELEMENTS (KOHA)
Source of classification or shelving scheme Dewey Decimal Classification
Koha item type English Books
Classification part 751.77
Call number suffix SOD
Holdings
Withdrawn status Lost status Damaged status Not for loan Collection code Home library Current library Date acquired Source of acquisition Cost, normal purchase price Total Checkouts Full call number Barcode Date last seen Copy number Cost, replacement price Price effective from Koha item type
      Not For Loan Reference Central Library Central Library 31/07/2015 Cen Lib/Ret 0.00   751.77 SOD A-993554 31/07/2015 1 0.00 31/07/2015 English Books

© Delhi Public Library
Hit Counter
free hit counter